000 00546nam a2200193Ia 4500
005 20250326141501.0
008 250326s9999 xx 000 0 und d
020 _a0-256-16788-5
037 _aTextbook
040 _aFMSL
_beng
_cFMSL
041 _aeng
_2eng
084 _aX:87y7 N5
_qFMSL
100 _aInkpen Andrew C
_9744541
245 0 _aCases in strategic management
_cInkpen Andrew C And Others
260 _aUSA
_bUSA, Richard D IRWIN
_c1995
300 _axi,395
942 _cTB
_hX:87y7 N5
999 _c1290513
_d1290513